El conflicto de las facultades

Gorde:
Xehetasun bibliografikoak
Formatua: Liburua
Hizkuntza:gaztelania
Argitaratua: Buenos Aires Losada 1963
Gaiak:
Etiketak: Etiketa erantsi
Etiketarik gabe, Izan zaitez lehena erregistro honi etiketa jartzen!

MARC

LEADER 00000cam a2200000 a 4500
001 UCY8235
003 CL-VaPUC
005 20210924074310.0
008 950703e19630000AG |||||||||||||||||spa|d
999 |c 235510  |d 235508 
040 |c Pontificia Universidad Católica de Valparaíso 
082 0 4 |a 142.3  |b KAN  |2 21 
245 1 3 |a El conflicto de las facultades 
260 |a Buenos Aires  |b Losada  |c 1963 
300 |a 151 p 
583 |a last modification  |c 20141010 04:38:38  |k Rodrigo Vera 
650 0 |a Kantismo  |9 311003 
650 0 |a Filosofía   |9 223554 
650 0 |a Filosofía cultural  |9 312300 
852 |a BIBCUR 
942 |c BK  |2 ddc 
945 |d 19950703 00:00:00  |a aalvarez 
952 |0 0  |1 0  |4 0  |6 142_300000000000000_KAN_1963  |7 0  |8 A  |9 242994  |a BIBEDU  |b BIBEDU  |d 2019-11-18  |i 3098273  |o 142.3 KAN 1963  |p 3098273  |r 2019-11-18  |w 2019-11-18  |y BK  |k FIL 
952 |0 0  |1 0  |3 erb  |4 0  |6 142_300000000000000_KAN_1963  |7 0  |8 A  |9 242995  |a BIBEDU  |b BIBEDU  |i 5007828  |o 142.3 KAN 1963  |p 5007828  |r 2019-11-18  |w 2019-11-18  |y BK  |z Catalogado en:20141016  |k FIL